Panes críticas - Statistics

Estatísticas Gerais
  • Esse quiz foi jogado 429 vezes
  • A pontuação média é 56 de 88
Estatísticas das Respostas
Hint Resposta % Correto
PERDA DE CONTROLE EM VOO comandos em neutro
98%
manete min
98%
trem e flapes recolhidos
95%
RECUPERAÇÃO DE PARAFUSO manete min
85%
manche neutro
83%
Após cessar o giro: pedal neutro
83%
pedal para o lado oposto ao giro
83%
FOGO OU FUMAÇA NA PARTIDA manete corte
80%
EJEÇÃO pernas esticadas
80%
posicione a anv em voo nivelado
80%
posicione-se corretamente
80%
bat desl
78%
evacue a anv
78%
punho de ejeção acione com as duas mãos
78%
valv corte feche
78%
abandone a anv
75%
em voo ejete-se
75%
fitas de retração e restritoras solte
75%
fivela release
75%
mascara desconecte ambos os lados
75%
FOGO NO MOTOR NA DECOLAGEM no solo aborte a dep
75%
EVACUAÇÃO DA ANV NO SOLO pino do assento coloque
75%
capota abra ou acione o punho de ejeção ou quebre
73%
freios aplique
73%
FALHA DO MOTOR NA DECOLAGEM: no solo com pista suficiente manete reverso
73%
reacendimento imediato efetue
70%
Anv no solo sem pista suficiente: trem recolha em emerg
70%
bat desl
68%
evacue a anv
68%
manete corte
68%
valv corte feche
68%
DISPARO DO COMPENSADOR DO PROFUNDOR corte cpens acione
65%
ignição em voo
65%
ignição em voo
65%
manete min
65%
manete min
65%
REACENDIMENTO IMEDIATO ng min 50%
65%
FALHA DO MOTOR EM VOO ng min 50%
65%
se incontrolável abaixo de 5000ft de altura ejete-se
65%
sobrepujamento acione
65%
Caso ng<50% ou reacendimento não aconteça vel 115kt
65%
vel reduza
65%
manete corte
63%
Anv em voo: Pouse em frente se trem baixado e pista suficiente
63%
se reacender pouso de emerg
63%
Pouso em frente: trem de acordo
63%
valv corte feche
63%
bat desl
60%
flapes pouso
60%
manete corte
60%
trem e flapes recolhidos
60%
aquecimento fechado
58%
ar cond desl
58%
ar externo aberto
58%
mfi stay on
58%
FOGO E/OU FUMAÇA NA CABINE oxigenio 100%
58%
se incontrolável ejete-se
58%
bombas ligadas
55%
gerador e bat desl
55%
gerador ligado
55%
manete ajuste
55%
manete corte
55%
se não reacender pouso em frente ou retorne a pista se acima de 130kt e 300ft com trem recolhido ou ejete-se
55%
valv corte aberta
55%
ar cond gerador e luzes desl
53%
barra elet normal
53%
bomb comb 1 aux auto e 1 pcp lig
53%
FOGO NO MOTOR EM VOO. Abaixo de 2000ft de altura confirme o fogo por outros meios
53%
confirme o fogo por outros meios
53%
ignição normal
53%
luz ignição acesa
53%
Se o fogo for confirmado: manete corte
53%
Acima de 2000ft de altura: manete min
53%
ng min 12% manete min
53%
observe ng e t5
53%
partida início
53%
pouse assim que possível em tráfego de emerg
53%
PARTIDA DO MOTOR EM VOO COM ARRANQUE tensão min 23v e ng entre 0 e 20%
53%
valv corte feche
53%
Se a luz não apagar ou o fogo não for confirmado voe com potência reduzida
53%
bomb comb desl
50%
fogo confirmado ejete-se
50%
gerador e bat desl
50%
ignição apagada acima de 45% ng
50%
mfi stay on
50%
press oleo min 40psi
50%
se não cessar ejete-se
48%
se o fogo cessar pouso com motor inoperante
48%
Nenhum quiz correspondente encontrado
Distribuição das Pontuações
Porcentagem de Pessoas com Cada Pontuação
Percentil de Números Respondidos
Sua Pontuação Histórica
Você não jogou esse quiz